[Event "LSS RC-2008-0-00010"]
[Site "LSS email"]
[Date "2008.08.16"]
[Round "?"]
[White "Stadler, Pavel"]
[Black "Munoz Sanchez, Emilio Josep"]
[Result "1-0"]
[WhiteElo "1225"]
[BlackElo "1630"]
[PlyCount "55"]
[EventDate "2008.07.31"]
[EventType "tourn (corr)"]
[EventRounds "6"]
[EventCountry "GER"]
[SourceTitle "Corr 2013"]
[Source "ChessBase"]
[SourceDate "2012.11.12"]
[SourceVersion "1"]
[SourceVersionDate "2012.11.12"]
[SourceQuality "1"]

1. e4 c5 2. Nf3 d6 3. d4 cxd4 4. Nxd4 Nf6 5. Nc3 a6 6. Bg5 e6 7. f4 Be7 8. Qf3 0-0 9. 0-0-0 Qc7 10. g4 Nc6 11. Be2 Rb8 12. Bh4 Nxd4 13. Rxd4 b5 14. g5 Nd7 15. Rhd1 Bb7 16. Qh3 Rbc8 17. g6 Bxh4 18. gxh7+ Kxh7 19. Qxh4+ Kg8 20. R1d3 f6 21. Rh3 Kf7 22. Qh5+ Ke7 23. Qg6 Rg8 24. Rh7 Kf8 25. Bh5 Nc5 26. e5 dxe5 27. fxe5 fxe5 28. Rd1 1-0

[Event "LSS OP-2008-0-00582"]
[Site "LSS email"]
[Date "2008.07.23"]
[Round "?"]
[White "Fonseca Cabrera, Ernesto Gregorio"]
[Black "Munoz Sanchez, Emilio Josep"]
[Result "1/2-1/2"]
[WhiteElo "800"]
[BlackElo "1630"]
[PlyCount "28"]
[EventDate "2008.07.21"]
[EventType "tourn (corr)"]
[EventRounds "4"]
[EventCountry "GER"]
[SourceTitle "Corr 2015"]
[Source "ChessBase"]
[SourceDate "2015.07.17"]
[SourceVersion "1"]
[SourceVersionDate "2015.07.17"]
[SourceQuality "1"]

1. Nf3 Nf6 2. d4 g6 3. c4 Bg7 4. Nc3 0-0 5. e4 d6 6. Be2 c5 7. 0-0 Nbd7 8. d5 Nb6 9. h3 a6 10. Be3 Re8 11. a4 Qc7 12. Qc2 e6 13. a5 Nbd7 14. Rfe1 Rb8 1/2-1/2

[Event "LSS OP-2008-0-00582"]
[Site "LSS email"]
[Date "2008.07.23"]
[Round "?"]
[White "O'Brien, Glenn"]
[Black "Munoz Sanchez, Emilio Josep"]
[Result "0-1"]
[WhiteElo "811"]
[BlackElo "1630"]
[PlyCount "76"]
[EventDate "2008.07.21"]
[EventType "tourn (corr)"]
[EventRounds "4"]
[EventCountry "GER"]
[SourceTitle "Corr 2015"]
[Source "ChessBase"]
[SourceDate "2015.07.17"]
[SourceVersion "1"]
[SourceVersionDate "2015.07.17"]
[SourceQuality "1"]

1. e4 c5 2. Nf3 d6 3. d4 cxd4 4. Nxd4 Nf6 5. Nc3 a6 6. Be3 e6 7. f3 Be7 8. Qd2 0-0 9. 0-0-0 Qc7 10. g4 b5 11. g5 Nfd7 12. h4 Nc6 13. Qf2 Bb7 14. h5 b4 15. Nxc6 Bxc6 16. Ne2 Rac8 17. Nd4 Bb7 18. h6 g6 19. Rh4 e5 20. Nb3 a5 21. Bb5 Bc6 22. Bxc6 Qxc6 23. Nxa5 Qa6 24. Rd5 Nc5 25. Nb3 Nxb3+ 26. axb3 Qa1+ 27. Kd2 Qxb2 28. Kd1 Qb1+ 29. Ke2 Qxc2+ 30. Rd2 Qxb3 31. f4 Rc2 32. fxe5 dxe5 33. Rg4 Rxd2+ 34. Bxd2 Qc4+ 35. Ke1 b3 36. Qe2 Qd4 37. Bc1 Ra8 38. Qf3 b2 0-1